| 000 | 02494cam a2200313 ia4500 | ||
|---|---|---|---|
| 003 | SA-RiAUC | ||
| 005 | 20241102142513.0 | ||
| 008 | 241030s1988 su g 00000 ara c | ||
| 024 | 0 | _a00000000979404 | |
| 040 |
_aSA-RiKSU _bara _cSA-RiAUC _dAE-DuMBRL _erda |
||
| 050 | 4 | _b.A45 1988 | |
| 082 | 0 | 4 |
_a227.2 _qSA-RiAUC |
| 090 |
_a227.2 _bع ل ي |
||
| 100 | 1 |
_aعلي، محمود النقراشي السيد _eمؤلف. |
|
| 245 | 1 | 0 |
_aمناهج المفسرين من العصر الأول إلى العصر الحديث / _cمحمود النقراشي علي. |
| 250 | _aالطبعة الأولى. | ||
| 264 | 1 |
_aبريدة، السعودية ؛ _aالقصيم، السعودية : _bمكتبة النهضة، _c1988. |
|
| 300 |
_a1 مجلد ؛ _c24 × 17 سم |
||
| 336 |
_aنص _btxt _2rdacontent _3كتاب |
||
| 337 |
_aبدون وسيط _bn _2rdamedia |
||
| 338 |
_aمجلد _bnc _2rdacarrier |
||
| 520 | _aيتناول كتاب (مناهج المفسرين من العصر الأول إلى العصر الحديث التفسير بالرأي) والذي قام بتأليفه د. محمود النقراش السيد علي، موضوع (مناهج المفسرين) هذا الكتاب هو الجزء الثاني من الكتاب "مناهج المفسرين" حيث عالج فيه المؤلف جانب التفسير بالرأي مبتدأ الحديث عن نشأته وأسبابه، ذاكرا موقف أهل العلم من القول بالرأي في كتاب الله سبحانه وتعالى، ثم عقب بما رأه مدعما لما رآه سار نحوه الأئمة المقتدى بهم. وبين ما يعول عليه في إعمال الرأي عند أهل التفسير حتى يكون ضابطا لمن يحتاجه في فهم القرآن الكريم، وقد أوضح للقارئ منشأ الخطأ في التفسير بالرأي، مما أطلق عليه العلماء الرأي المذموم. متناولا فيه مناهج من تغلب عليهم الوجهة اللغوية، ومن تغلب عليهم الناحية الكلامية، ومن يغلب عليهم الجانب الفقهي. | ||
| 590 | _aيتوافر بالمكتبة : مجلد 2. | ||
| 630 | 2 | 7 |
_aالقرآن _xتفسير _2aucut |
| 730 | 2 | 2 | _aالقرآن |
| 942 |
_2ddc _cBOOK _n0 |
||
| 949 |
_aSA-JeALM _d241030 _ukhaled123 _n1 |
||
| 999 |
_c1985 _d1985 |
||